• 首页
  • 本馆介绍
  • 公告通知
  • 最新文献
  • 馆藏检索
  • 电子资源
  • 读者导购
  • 参考咨询
  • 我的图书馆
  • 登录
  • 详细信息显示
  • 放入我的书架
  • 预约/预借图书
  • 作者相关作品
  • 分类相关作品
  • 丛书相关作品
  • 出版社相关作品

书目信息

  • 表格格式
  • 工作单格式
  • 卡片格式
题名:
形单影只
    
 
作者: 周鲒 著
分册:  
出版信息: 广州   华南理工大学出版社  2019.10
页数: 158页
开本: 24cm
丛书名: 当代艺术与地域艺术研究丛书
单 册:
中图分类: G766 , J0-05
科图分类:
主题词: 美术--艺术心理学--应用--孤独症--儿童教育--特殊教育
电子资源:
ISBN: 978-7-5623-6121-3
000 01393oam2 2200289 450
001 0108153902
005 20210308154401.0
010    @a978-7-5623-6121-3@dCNY60.00
100    @a20200115d2019 em y0chiy50 ea
101 0  @achi
102    @aCN@b440000
105    @aa z 000yy
106    @ar
200 1  @a形单影只@Axing dan ying zhi@e自闭症谱系儿童美术研究@f周鲒著
210    @a广州@c华南理工大学出版社@d2019.10
215    @a158页@c图@d24cm
225 2  @a当代艺术与地域艺术研究丛书@i前沿艺术理论研究系列
330    @a本书是国内罕见的针对自闭症儿童的艺术治疗、身体干预和社会融入的美术研究专著。它不只是关注自闭症儿童的艺术治疗,同时也是针对自闭症谱系儿童的视觉探讨,以及在美术学意义上的解读。它将自闭症儿童的美术经历看成一种特殊群体与社会公众的对话,进而展现作者近十年来在该领域的研究成果。本书主要由三个块面构成,分别是自闭症儿童的视觉理论、案例跟踪实录与特殊美术课堂的实验。全书将视觉分析与个案成长结合起来,走进自闭症儿童的生命过程,带领读者一起理解人的多样性,构建更为丰富的“大美术”研究视野。
461  0 @12001 @a当代艺术与地域艺术研究丛书
462  0 @12001 @a前沿艺术理论研究系列
517 1  @a自闭症谱系儿童美术研究@Azi bi zheng pu xi er tong mei shu yan jiu
606 0  @a美术@x艺术心理学@x应用@x孤独症@x儿童教育@x特殊教育
690    @aG766@v5
690    @aJ0-05@v5
701  0 @a周鲒@Azhou jie@4著
801  0 @aCN@bBJSZM@c20210308
905    @b1271241-4@dG766@e220@f4
    
    形单影只:自闭症谱系儿童美术研究/周鲒著.-广州:华南理工大学出版社,2019.10
    158页:图;24cm.-(当代艺术与地域艺术研究丛书.前沿艺术理论研究系列)
    
    
    ISBN 978-7-5623-6121-3:CNY60.00
    本书是国内罕见的针对自闭症儿童的艺术治疗、身体干预和社会融入的美术研究专著。它不只是关注自闭症儿童的艺术治疗,同时也是针对自闭症谱系儿童的视觉探讨,以及在美术学意义上的解读。它将自闭症儿童的美术经历看成一种特殊群体与社会公众的对话,进而展现作者近十年来在该领域的研究成果。本书主要由三个块面构成,分别是自闭症儿童的视觉理论、案例跟踪实录与特殊美术课堂的实验。全书将视觉分析与个案成长结合起来,走进自闭症儿童的生命过程,带领读者一起理解人的多样性,构建更为丰富的“大美术”研究视野。
●
相关链接 在E读中查询图书 在五车中查询图书 在当当中查询图书 在豆瓣中查询图书


正题名:形单影只     索取号:G766/220         预约/预借

序号 登录号 条形码 馆藏地/架位号 状态 备注
1 1271241   212712411   第一样本阅览室/ [索取号:G766/220] 在馆    
2 1271242   212712420   教育系资料室/ [索取号:G766/220] 在馆    
3 1271243   212712439   教育系资料室/ [索取号:G766/220] 在馆    
4 1271244   212712448   第四借阅区/ [索取号:G766/220] 在馆    
唐山师范学院图书馆 欢迎您!
大连网信软件有限公司© 版权所有